Visualizzazione normale
Vista MARC
- Menor Torres, Darío,
di Personal Name
Records bibliografici associati: 1
001 - CONTROL NUMBER
- control field: 70857
003 - CONTROL NUMBER IDENTIFIER
- control field: IT-RoINE
005 - DATE AND TIME OF LATEST TRANSACTION
- control field: 20220126124125.0
008 - FIXED-LENGTH DATA ELEMENTS
- fixed length control field: 220126|| aca||aabn | a|a d
040 ## - CATALOGING SOURCE
- Original cataloging agency: IT-RoINE
- Transcribing agency: IT-RoINE
100 ## - HEADING--PERSONAL NAME
- Personal name: Menor Torres, Darío,
- Dates associated with a name: 1982-
670 ## - SOURCE DATA FOUND
- Source citation: Work cat.: (IT-RoINE)0: Sosa, Arturo, S.I., 1948- 70856, En camino con Ignacio / , 2021.